Tactical Experiences in Human Resource Management
Na minha lista:
| Autor principal: | |
|---|---|
| Outros Autores: | |
| Formato: | Livro |
| Idioma: | inglês |
| Publicado em: |
Fort Worth
The Dryden Press
1994
|
| Edição: | 1. ed. |
| Assuntos: | |
| Tags: |
Sem tags, seja o primeiro a adicionar uma tag!
|
MARC
| LEADER | 00000nam a2200000 4500 | ||
|---|---|---|---|
| 001 | c014342 | ||
| 005 | 20221214074944.4 | ||
| 020 | |a 0-03-098292-8 | ||
| 041 | 0 | |a eng | |
| 044 | |a US | ||
| 245 | 1 | 0 | |a Tactical Experiences in Human Resource Management |c K.Galen Kroeck, Scott Fraser |
| 250 | |a 1. ed. | ||
| 264 | 1 | |a Fort Worth |b The Dryden Press |c 1994 | |
| 300 | |a 233 s. | ||
| 610 | 2 | 0 | |a zdroje ľudské |
| 610 | 2 | 0 | |a riadenie |
| 610 | 2 | 0 | |a manažment personálny |
| 100 | 1 | |a Kroeck, K.Galen | |
| 700 | 1 | |a Fraser, Scott | |